Équipes de la LFL (League of Legends) - Statistiques

Statistiques générales
  • Ce quiz a été pris 1 915 fois
    754 depuis la dernière actualisation
  • Le résultat moyen est 7 sur 10
Statistiques - réponses
ÉQUIPES % Correct
Karmine Corp Blue
99%
Solary
82%
BDS Academy
79%
Vitality.bee
77%
Gentle Mates
77%
Team du Sud
70%
Team GO
66%
Gameward
61%
BK ROG
60%
Aegis
59%
Aucun quiz correspondant
Distribution des résultats
% des personnes avec chaque résultat
Percentile par nombre de réponses
Votre historique - résultats
Vous n’avez pas pris ce quiz depuis la dernière actualisation